Citizen and subject : (Record no. 3304)

MARC details
000 -LEADER
fixed length control field 01406nam a2200361 a 4500
001 - CONTROL NUMBER
control field 4031547
003 - CONTROL NUMBER IDENTIFIER
control field OSt
005 - DATE AND TIME OF LATEST TRANSACTION
control field 20160323150940.0
008 - FIXED-LENGTH DATA ELEMENTS--GENERAL INFORMATION
fixed length control field 970911s1996 ug b 001 0 eng
010 ## - LIBRARY OF CONGRESS CONTROL NUMBER
LC control number 97981050
020 ## - INTERNATIONAL STANDARD BOOK NUMBER
International Standard Book Number 9970020900
040 ## - CATALOGING SOURCE
Original cataloging agency DLC
Transcribing agency DLC
042 ## - AUTHENTICATION CODE
Authentication code lcode
043 ## - GEOGRAPHIC AREA CODE
Geographic area code f------
050 00 - LIBRARY OF CONGRESS CALL NUMBER
Classification number JV246
Item number .M35 1996b
082 00 - DEWEY DECIMAL CLASSIFICATION NUMBER
Classification number 320
Edition number 21
Item number MAM 1996
100 1# - MAIN ENTRY--PERSONAL NAME
Personal name Mamdani, Mahmood,
Dates associated with a name 1946-
9 (RLIN) 7404
245 10 - TITLE STATEMENT
Title Citizen and subject :
Remainder of title contemporary Africa and the legacy of late colonialism /
Statement of responsibility, etc. Mahmood Mamdani.
260 ## - PUBLICATION, DISTRIBUTION, ETC. (IMPRINT)
Place of publication, distribution, etc. Kampala :
Name of publisher, distributor, etc. Fountain Publishers ;
Place of publication, distribution, etc. Cape Town :
Name of publisher, distributor, etc. David Philip ;
Place of publication, distribution, etc. London :
Name of publisher, distributor, etc. James Currey,
Date of publication, distribution, etc. 1996.
300 ## - PHYSICAL DESCRIPTION
Extent xii, 353 p. ;
Dimensions 24 cm.
440 #0 - SERIES STATEMENT/ADDED ENTRY--TITLE
Title Princeton studies in culture/power/history
9 (RLIN) 7405
504 ## - BIBLIOGRAPHY, ETC. NOTE
Bibliography, etc Includes bibliographical references (p. [303]-337) and index.
650 #0 - SUBJECT ADDED ENTRY--TOPICAL TERM
Topical term or geographic name as entry element Colonies
Geographic subdivision Africa
General subdivision Administration.
9 (RLIN) 7406
650 #0 - SUBJECT ADDED ENTRY--TOPICAL TERM
Topical term or geographic name as entry element Despotism
Geographic subdivision Africa.
9 (RLIN) 7407
650 #0 - SUBJECT ADDED ENTRY--TOPICAL TERM
Topical term or geographic name as entry element Democracy
Geographic subdivision Africa.
9 (RLIN) 7408
650 #0 - SUBJECT ADDED ENTRY--TOPICAL TERM
Topical term or geographic name as entry element Apartheid
Geographic subdivision Africa.
9 (RLIN) 7409
650 #0 - SUBJECT ADDED ENTRY--TOPICAL TERM
Topical term or geographic name as entry element Indigenous peoples
Geographic subdivision Africa.
9 (RLIN) 7410
651 #0 - SUBJECT ADDED ENTRY--GEOGRAPHIC NAME
Geographic name Africa
General subdivision Colonial influence.
9 (RLIN) 7411
651 #0 - SUBJECT ADDED ENTRY--GEOGRAPHIC NAME
Geographic name Africa
General subdivision Politics and government.
9 (RLIN) 7412
906 ## - LOCAL DATA ELEMENT F, LDF (RLIN)
a 7
b cbc
c origode
d 2
e ncip
f 19
g y-gencatlg
942 ## - ADDED ENTRY ELEMENTS (KOHA)
Source of classification or shelving scheme Dewey Decimal Classification
Koha item type Short Loan
Holdings
Withdrawn status Lost status Source of classification or shelving scheme Damaged status Not for loan Home library Current library Date acquired Inventory number Total Checkouts Full call number Barcode Date last seen Price effective from Koha item type
    Dewey Decimal Classification     Faculty of Interdisciplinary Studies Library Faculty of Interdisciplinary Studies Library 24/03/2022 11/4353   320 MAM 1996 2022-0558 24/03/2022 24/03/2022 Book
    Dewey Decimal Classification     Faculty of Interdisciplinary Studies Library Faculty of Interdisciplinary Studies Library 24/03/2022 11/4354   320 MAM 1996 2022-0559 24/03/2022 24/03/2022 Book
    Dewey Decimal Classification     Faculty of Interdisciplinary Studies Library Faculty of Interdisciplinary Studies Library 24/03/2022 11/4352   320 MAM 1996 2022-0560 24/03/2022 24/03/2022 Book
    Dewey Decimal Classification     Faculty of Interdisciplinary Studies Library Faculty of Interdisciplinary Studies Library 24/03/2022 11/4351   320 MAM 1996 2022-0561 24/03/2022 24/03/2022 Book
    Dewey Decimal Classification     Faculty of Interdisciplinary Studies Library Faculty of Interdisciplinary Studies Library 24/03/2022 11/4355   320 MAM 1996 2022-0562 24/03/2022 24/03/2022 Book
    Dewey Decimal Classification     MUST Main Library MUST Main Library 23/03/2016 15333   320 MAM 1996 2016-0504 23/03/2016 23/03/2016 Short Loan
    Dewey Decimal Classification     MUST Main Library MUST Main Library 30/03/2016 15352   320 MAM 1996 2016-0545 30/03/2016 30/03/2016 Short Loan
    Dewey Decimal Classification     MUST Main Library MUST Main Library 24/03/2022     320 MAM 1996   24/03/2022 24/03/2022 Short Loan
    Dewey Decimal Classification     MUST Main Library MUST Main Library 24/03/2022     320 MAM 1996   24/03/2022 24/03/2022 Short Loan